Guzmán de Alfarache
Sparad:
| Huvudupphovsman: | |
|---|---|
| Materialtyp: | Bok |
| Språk: | spanska |
| Publicerad: |
Zaragoza
Ebro
1943
|
| Serie: | Biblioteca Clásica Ebro
|
| Ämnen: | |
| Taggar: |
Lägg till en tagg
Inga taggar, Lägg till första taggen!
|
MARC
| LEADER | 00000nam a2200000 a 4500 | ||
|---|---|---|---|
| 001 | UCT5725 | ||
| 003 | CL-VaPUC | ||
| 008 | 961216e19430000SP |||||||||||||||||spa|d | ||
| 082 | 0 | 4 | |a 863 |b ALE |2 21 |
| 100 | 0 | |a Alemán y de Enero, Mateo |e author |9 375351 | |
| 245 | 1 | 0 | |a Guzmán de Alfarache |
| 300 | |a 141 p | ||
| 942 | |c BK | ||
| 945 | |d 19961216 00:00:00 |a rleighto | ||
| 260 | |a Zaragoza |b Ebro |c 1943 | ||
| 650 | 0 | |a Novelas españolas |9 265052 | |
| 583 | |a last modification |c 20190720 08:43:31 |k Rodrigo Vera | ||
| 490 | 0 | |a Biblioteca Clásica Ebro | |
| 999 | |c 254596 |d 254594 | ||